LIBRARY & INFORMATION CENTRE, KCAET, TAVANUR

ONLINE PUBLIC ACCESS CATALOGUE (OPAC)

Sujatha / (Record no. 6605)

MARC details
000 -LEADER
fixed length control field 00269cam a2200121ua 4500
008 - FIXED-LENGTH DATA ELEMENTS--GENERAL INFORMATION
fixed length control field 231012b |||||||| |||| 00| 0 eng d
041 ## - LANGUAGE CODE
Language code of text/sound track or separate title mal
082 ## - DEWEY DECIMAL CLASSIFICATION NUMBER
Classification number 894.812308
Item number SUR/SU
100 ## - MAIN ENTRY--AUTHOR NAME
Personal name Surendran, K .
245 ## - TITLE STATEMENT
Title Sujatha /
300 ## - PHYSICAL DESCRIPTION
Number of Pages 239 ; .
942 ## - ADDED ENTRY ELEMENTS (KOHA)
Koha item type Books
Holdings
Withdrawn status Lost status Damaged status Home library Current library Date acquired Full call number Accession Number Koha item type Public note
Withdrawn     KAUAET KAUAET 29/01/2021 894.812308 SUR/SU 5907 Books  
      KAUAET KAUAET 12/10/2023 894.812308 SUR/SU 10693 Books  
Withdrawn     KAUAET Malayalam University 07/04/2012 894.812308 8938 Books Transferred to Malayalam University
free website counter